000 02036nam a2200337 a 4500
001 000391554
003 AM-YeHGA
005 20250618072336.0
008 041204s1939 ai 000 | rus d
040 _aAM-YeHGA
041 1 _arus
110 1 _aТеатр оперы и балета Арм. ССР
_u( Ереван )
245 1 1 _a"Лусабацин" / На рассвете / :
_bОпера в 5 актах : [ Сб. ст. и полное либретто оперы ] /
_cКомитет по делам искусств при СНК СССР. Декада арм. искусства в Москве 1939. Упр. по делам искусств при СНК АрмССР; Музыка А.Степаняна; Обл., заставки и концовки худ. М.Арутчьяна; Либретто Т.С.Ахумяна; Пер. под ред. С.В.Шервинского.
246 3 5 _aԼուսաբացին
246 3 0 _aНа рассвете
260 _aМосква :
_bИскусство ,
_c1939.
300 _a76,4 с. :
_bил.,4 вкл. л. цв. ил. ;
_c22 см.
500 _aНа тит. л. указано : А.Степанян. Лусабацин.
650 1 4 _aОпера
_vЛибретто
650 1 4 _aОперное искусство
_xАрмения
650 1 4 _aМузыка
_zАрмения
700 1 _aСтепанян, Аро Л
_eкомп.
_4cmp
700 1 _aԱրուտչյան, Միքայել Ավետի,
_d1897-1961
_eхуд.
_4art
_91080
700 1 _aՀախումյան, Տիգրան Սիմեոնի,
_d1894-1973
_eлибреттист
_4ibt
_91317
700 1 _aШервинский, Сергей Васильевич.
_eпер., ред.
_4trl
_4edt
710 2 _aКомитет по делам искусств при СНК СССР
710 2 _aУправление по делам искусств при СНК Армянской ССР
711 2 _aДекада армянского искусства
_d( 1939;
_cМосква )
942 _2udc
_cBK
090 _c149961
999 _c148573
_d148573